000 00453nam a22001817a 4500
003 MPLRDC
005 20220104124836.0
008 210129b ||||| |||| 00| 0 eng d
082 _a177.3 CAR-22
100 _aDALE CARNEGIE 原著
245 _a林肯的一生
_c
250 _a初版
260 _a
_b大夏出版社
_c1989
300 _b
490 _a卡内基做人处世全书. 7
650 _a应用心理学
942 _cBK
_o177.3 CAR-22
999 _c22584
_d22574